Responses for Show #2650 - Friday, February 23, 1996

1996 College Championship final game 2.

Contestants

[<< previous game]

Vandana Madhavan, a sophomore from Harvard University (subtotal of $9,100)

Bryan Fagan, a junior from Southwest Missouri State University (subtotal of $1,999)

Shane Whitlock, a junior from the University of Arkansas (subtotal of $20,000)

[next game >>]

Jeopardy! Round responses

THE CIVIL WAR
TELEVISION
BRIDGES
ETIQUETTE
BIBLICAL GEOGRAPHY
COLLEGE CROSSWORD CLUES "C"
    $100 14
horse

Bryan
    $100 11
talk show

Shane
    $100 21
Eiffel

Bryan
    $100 26
centerpiece

Vandana
    $100 1
Egypt

Shane
    $100 3
Christmas

Vandana
    $200 15
Jefferson Davis

Shane
    $1,000 12
(Alex: The theme from Charles in Charge.)

Scott Baio

Shane
    $200 22
Golden Gate Bridge

Shane
    $200 27
white

Shane
    $200 2
Jerusalem

Bryan
    $200 4
campus

Shane
    $300 18
(Vandana: What is a backpack?)

cap

Vandana
Triple Stumper
    $300 13
Lawrence

Bryan
    $300 23
Danube

Vandana
    $300 28
the flag

Bryan
    $300 5
Abraham

Shane
    $300 7
chemistry

Bryan
    $400 19
Shenandoah

Shane
    $400 16
The Naked Truth

Bryan
    $400 24
(Bryan: What is the Verrazano-Narrows Bridge?)

the George Washington Bridge

Bryan
Triple Stumper
    $400 29
His Royal Highness

Vandana
    $400 6
Palestine

Bryan
    $400 8
community

Shane
    $500 20
Andersonville

Vandana
    $500 17
NYPD Blue

Shane
    $500 25
(Vandana: What is France?)

Belgium

BryanVandana
    $500 30
caviar

Shane
    $500 9
Sea of Galilee

Shane
    $500 10
commencement

Vandana

Scores at the first commercial break (after clue 12):

Shane Bryan Vandana
$2,600 $900 $600

Scores at the end of the Jeopardy! Round:

Shane Bryan Vandana
$4,600 $2,200 $1,100

Double Jeopardy! Round responses

BIOLOGY
ISLANDS
ART & ARTISTS
ORGANIZATIONS
WORLD HISTORY
PHILOSOPHY
    $200 1
nostrils

Shane
    $200 4
Greenland

Bryan
    $200 13
Adam & Eve

Bryan
    $200 19
National Geographic Society

Vandana
    $200 9
Alexander the Great

Bryan
    $200 26
Vienna

Shane
    $400 2
antibiotic

Vandana
    $400 5
Honshu

Bryan
    $400 17
Andy Warhol

Vandana
    $400 22
Geneva

Vandana
    $400 10
Ponce de Leon

Vandana
    $400 27
(Shane: What is deism?)

theology

ShaneVandana
    $600 3
peat

Bryan
    $600 6
Easter Island

Shane
    $600 18
Vincent Van Gogh

Bryan
    $600 23
the Peace Corps

Vandana
    $600 14
Hammurabi

Shane
    $1,500 28
ethics

Vandana
    $800 11
fertilization

Vandana
    $800 7
Madagascar

Shane
    $800 20
Monet

Vandana
    $800 24
American Heart Association

Shane
    $1,000 15
Santa Anna

Shane
    $800 29
(Bryan: What is epicurism?)

hedonism

BryanVandana
    $1000 12
plankton

Vandana
    $1000 8
Virgin Islands

Bryan
    $1000 21
Diego Rivera

Shane
    $1000 25
American Ballet Theatre

Shane
    $1000 16
Brazil

Shane
    $1000 30
aesthetics

Bryan

Scores at the end of the Double Jeopardy! Round:

Shane Bryan Vandana
$11,400 $5,600 $8,800
(lock tournament)

[wagering suggestions for these scores]

Final Jeopardy! Round responses

20th CENTURY AMERICANS
(Alex: Shane, the check will be in the mail, but here are the keys to your brand new Volvo!)
BryanWho is Ansel Adams?
$5,600
VandanaWho is Ansel Adams?
$3,100
ShaneWho was Adams?
$1,400
Ansel Adams

Final scores:

Shane Bryan Vandana
$12,800 $11,200 $11,900

Cumulative scores:

Shane Bryan Vandana
$32,800 $13,199 $21,000
Tournament champion: $32,800 + 1996 Volvo 850 Turbo Sports Sedan 2nd runner-up: $13,199 1st runner-up: $21,000

Game dynamics:

Coryat scores:

Shane Bryan Vandana
$10,400 $5,600 $7,900
23 R
(including 2 DDs),
1 W
17 R,
2 W
18 R
(including 1 DD),
2 W

Combined Coryat: $23,900

[game clues] [game scores] [suggest correction]

Game tape date: 1996-01-10
The J! Archive is created by fans, for fans. Scraping, republication, monetization, and malicious use prohibited; this site may use cookies and collect identifying information. See terms. The Jeopardy! game show and all elements thereof, including but not limited to copyright and trademark thereto, are the property of Jeopardy Productions, Inc. and are protected under law. This website is not affiliated with, sponsored by, or operated by Jeopardy Productions, Inc. Join the discussion at JBoard.tv.